| 000 | 00402nam a2200169 a 4500 | ||
|---|---|---|---|
| 001 | 5385 | ||
| 005 | 20180713185238.0 | ||
| 008 | 140415s1987 000 0 spa d | ||
| 041 | _aspa | ||
| 082 |
_a657.45 _bKOH |
||
| 100 | 1 | _aKOHLER, ERIC L. | |
| 245 | 1 | 0 | _aAUDITORIA |
| 260 |
_a[s.l.] : _bDIANA, _c1987 |
||
| 300 | _a629 | ||
| 650 | 1 | 4 | _aAUDITORIA |
| 700 | 1 |
_aBALAREZO, JORGE _etr. |
|
| 999 |
_c5385 _d5385 |
||